European Union Law: (Record no. 613819)
[ view plain ]
| 000 -LEADER | |
|---|---|
| fixed length control field | 00362nam a22001217a 4500 |
| 020 ## - INTERNATIONAL STANDARD BOOK NUMBER | |
| International Standard Book Number | 1858365244 |
| 082 ## - DEWEY DECIMAL CLASSIFICATION NUMBER | |
| Classification number | 341.2422 |
| Author Mark | EUR |
| 245 ## - TITLE STATEMENT | |
| Title | European Union Law: |
| Remainder of title | 2001-2002 LLB Examination Questions and Suggested Solutions / |
| Statement of responsibility, etc. | Solutions by Alina Kaczorowska |
| 260 ## - PUBLICATION, DISTRIBUTION, ETC. | |
| Place of publication, distribution, etc. | London: |
| Name of publisher, distributor, etc. | Old Bailey Press, |
| Date of publication, distribution, etc. | 2003. |
| 300 ## - PHYSICAL DESCRIPTION | |
| Extent | 111 p. |
| 563 ## - BINDING INFORMATION | |
| Binding note | PB. |
| 942 ## - ADDED ENTRY ELEMENTS (KOHA) | |
| Source of classification or shelving scheme | |
| Koha item type | Book |
| Withdrawn status | Lost status | Source of classification or shelving scheme | Damaged status | Not for loan | Permanent Location | Current Location | Date acquired | Total Checkouts | Full call number | Barcode | Date last seen | Price effective from | Koha item type |
|---|---|---|---|---|---|---|---|---|---|---|---|---|---|
| NUST Law School (NLS) | NUST Law School (NLS) | 05/29/2025 | 341.2422 EUR | NLSD-125 | 05/29/2025 | 05/29/2025 | Book |
